Score 0/18 Timer 03:00
2 Plays Today
Movie Title Missing Word % Correct
James & The Giant _______ (1996)Peach
93.6%
A Clockwork _______ (1971)Orange
89.4%
Cloudy with a Chance of _______ (2009)Meatballs
87.6%
_______ of Wrath (1940)Grapes
87.2%
A _______ Called Wanda (1998)Fish
81.3%
American _______ (1999)Pie
74.7%
Children of the _______ (1984)Corn
72.7%
Mystic _______ (1988)Pizza
68.1%
Canadian _______ (1995)Bacon
65.5%
Movie Title Missing Word % Correct
Attack of the Killer _______ (1978)Tomatoes!
60.4%
A _______ in the Sun (1961)Raisin
50.3%
_______ Express (2008)Pineapple
49.3%
Like Water for _______ (1992)Chocolate
44.9%
_______ Soup (1933)Duck
42%
Hard _______ (2005)Candy
31.9%
_______ Hill (1987)Hamburger
23.1%
Home _______ (1998)Fries
19.9%
The _______ Man (1998)Gingerbread
4.6%

Today's Daily Dose

Missing Word
Lizzo Songs

Get the Picture
The Longest Rivers

Remove Ads.
Support Sporcle.
Get the best of Sporcle when you Go Orange. This ad-free experience offers more features, more stats, and more fun while also helping to support Sporcle. Thank you for becoming a member.

You're not logged in!

Compare scores with friends on all Sporcle quizzes.
OR
Log In

Show Comments

Extras

Top Quizzes Today


Score Distribution

Your Account Isn't Verified!

In order to create a playlist on Sporcle, you need to verify the email address you used during registration. Go to your Sporcle Settings to finish the process.

Report this User

Report this user for behavior that violates our Community Guidelines.

Details: